| 000 | 01000nam a2200253Ia 4500 | ||
|---|---|---|---|
| 003 | OSt | ||
| 005 | 20201008152952.0 | ||
| 008 | 191128s2013 ck ad gr 000 0 spa d | ||
| 020 | _a9789587520026 | ||
| 040 |
_aCO-JMCR _cCO-JMCR |
||
| 041 | 0 | _aspa | |
| 082 | 0 | 4 |
_a658.3 / _bM386s _223 |
| 100 | 1 |
_aMartínez Bermúdez, Rigoberto, _eautor _9220 |
|
| 245 | 1 | 0 |
_aSea un mejor jefe : _bla mejor guía para ejercer el mando / _cRigoberto Martínez Bermúdez |
| 250 | _aSegunda edición | ||
| 260 |
_aBogotá : _bCódice, _c2013. |
||
| 300 |
_a214 páginas : _bilustraciones a blanco y negro ; _c24 cm. |
||
| 500 | _aIncluye datos biográficos del autor en solapa frontal. | ||
| 504 | _aBibliografía : páginas 2013-214. | ||
| 505 | 0 | _aCompetencias referenciales del jefe -- "Me olvidé de vivir" -- Jefes "especiales" -- Las relaciones humanas -- La conducta -- El jefe productivo -- Frente a la ética | |
| 650 | 2 | 4 |
_aJefe líder _911362 |
| 650 | 2 | 4 |
_aManejo de personal _911363 |
| 942 |
_2ddc _cBK |
||
| 999 |
_c4630 _d4630 |
||